[Event "Heart of Finland"]
[Site "Jyvaskyla FIN"]
[Date "2008.07.12"]
[Round "2"]
[White "Mertanen,J"]
[Black "Pohjala,H"]
[Result "1-0"]
[WhiteElo "2310"]
[BlackElo "2035"]

1.d4 d5 2.c4 c6 3.Nf3 Nf6 4.Qc2 g6 5.Bf4 Bg7 6.e3 Bf5 7.Qb3 Qb6 8.Nc3 Qxb3
9.axb3 a6 10.h3 O-O 11.Be2 h6 12.g4 Bc2 13.Nd2 g5 14.Bg3 Nbd7 15.O-O e6 16.Rfc1 Bg6
17.b4 Rfc8 18.Nb3 dxc4 19.Bxc4 Nd5 20.Nxd5 exd5 21.Be2 f5 22.Bd6 Kf7 23.Na5 Ra7
24.Nxb7 Ke6 25.Bxa6 Rca8 26.b5 cxb5 27.Rc6 Rxb7 28.Ba3+ Kf7 29.Bxb7 Ra7 30.Rc7 Ke8
31.Rc8+  1-0

[Event "XXIII Tadeusz Gniota Mem"]
[Site "Police POL"]
[Date "2008.07.13"]
[Round "6"]
[White "Sopur,L"]
[Black "Figura,A"]
[Result "1/2-1/2"]
[WhiteElo "2431"]
[BlackElo "2407"]

1.d4 d5 2.Nf3 c6 3.c4 Nf6 4.Qc2 dxc4 5.Qxc4 Bf5 6.g3 e6 7.Bg2 Nbd7 8.O-O Be7
9.Nc3 O-O 10.Qb3 Qb6 11.Qxb6 axb6 12.Nh4 Bg4 13.e4 b5 14.Re1 b4 15.Nb1 Ne8
16.Be3 Nd6 17.Nd2 g5 18.Nhf3 Bxf3 19.Bxf3 f5 20.exf5 Nxf5 21.Bg4 h6 22.Nf3 Rf7
23.Bd2 Nf6 24.h3 Rd8 25.Rxe6 Nxg4 26.hxg4 Nxd4 27.Nxd4 Rxd4 28.Be3 Rd6 29.Rxd6 Bxd6
30.Rd1 Rf6 31.Kf1 Kf7 32.Ke2 Ke6 33.b3 c5 34.Kd3 Kd5 35.f4 b5 36.Ke2+ Kc6
37.f5 Bxg3 38.Rd8 Bd6 39.Rg8 Kd5 40.Rg7 Be5 41.Rd7+ Rd6 42.Rc7 Rc6 43.Ra7 Ke4
44.Re7 c4 45.Bf2 Kf4 46.Be3+ Ke4 47.Bf2 Kf4  1/2-1/2

[Event "Heart of Finland"]
[Site "Jyvaskyla FIN"]
[Date "2008.07.15"]
[Round "6"]
[White "Nyback,T"]
[Black "Kulaots,K"]
[Result "0-1"]
[WhiteElo "2639"]
[BlackElo "2531"]

1.d4 d5 2.c4 c6 3.Nf3 Nf6 4.Qc2 dxc4 5.Qxc4 Bf5 6.g3 e6 7.Bg2 Nbd7 8.O-O Be7
9.Nc3 O-O 10.Re1 Ne4 11.Qb3 Qb6 12.Nh4 Qxb3 13.axb3 Bb4 14.Ra4 Bxc3 15.bxc3 Nxc3
16.Nxf5 exf5 17.Ra5 g6 18.Bb2 Ne4 19.g4 Rfe8 20.gxf5 a6 21.f3 Nd6 22.fxg6 hxg6
23.e4 Nb5 24.Raa1 Rad8 25.Rad1 Nf8 26.Rd2 Ne6 27.Red1 Rd6 28.Kf2 Red8 29.Ke3 f5
30.Bf1 f4+ 31.Kf2 Nbxd4 32.Bc4 c5 33.b4 b6 34.e5 Rc6 35.Bxa6 Kf7 36.Bc4 Ke7
37.Ra1 cxb4 38.Ra7+ Kf8 39.Ba2 Nb5 40.Rxd8+ Nxd8 41.Rd7 Rc2+ 42.Ke1 Rxb2
43.Rxd8+ Ke7 44.Rd2 Rxd2 45.Kxd2 Nd4 46.Bd5 Ne6 47.Kd3 Nc5+ 48.Kc4 b3 49.Kc3 g5
50.Kb2 Kf8 51.Bc4 Kg7 52.Bf1 Kg6 53.Bh3 Nd3+ 54.Kxb3 Nxe5 55.Bg2 Kh5 56.Kc3 Kh4
57.Kd4 Nc6+ 58.Kc4 Ne7 59.Bf1 Nf5 60.Bd3 Ne3+ 61.Kd4 Kh3 62.Ke5 Nd1 63.Kf5 Kh4
64.Ke5 Nf2 65.Bf1 Nh3 66.Kd4 Nf2 67.Ke5 Nd1 68.Bd3 Ne3 69.Kf6 Ng2 70.Ke5 Ne1
71.Be2 b5 72.Ke4 b4 73.Bd1 Ng2 74.Bb3 Ne3 75.Be6 Nf1 76.Kd3 Nxh2 77.Ke2 Kg3
78.Bd5 b3  0-1

[Event "60th ch-MNE"]
[Site "Cetinje MNE"]
[Date "2008.07.17"]
[Round "10"]
[White "Drasko,M"]
[Black "Nikcevic,N"]
[Result "1-0"]
[WhiteElo "2508"]
[BlackElo "2401"]

1.d4 d5 2.c4 c6 3.Nf3 Nf6 4.Qc2 dxc4 5.Qxc4 Bg4 6.Nbd2 Nbd7 7.g3 Qa5 8.Bg2 Rd8
9.O-O e5 10.Qb3 e4 11.Qe3 Bf5 12.Ng5 Be7 13.Ngxe4 O-O 14.Nb3 Qb6 15.Nxf6+ Bxf6
16.Qc3 Rfe8 17.e3 Rc8 18.Bd2 c5 19.Rac1 cxd4 20.Qxc8 Rxc8 21.Rxc8+ Nf8 22.Rb8 g5
23.Rxb7 Qa6 24.Nxd4 Bxd4 25.exd4 Bh3 26.Rb8 Bxg2 27.Kxg2 Kg7 28.Re1 Qd6 29.Rc8 Ne6
30.Bc3 Kh6 31.Rg8 Qd5+ 32.f3 Qxa2 33.h4 f6 34.hxg5+  1-0

[Event "19th Czech Open Synthesia Rapid"]
[Site "Pardubice CZE"]
[Date "2008.07.17"]
[Round "7"]
[White "Arutinian,D"]
[Black "Vokac,M"]
[Result "1-0"]
[WhiteElo "2586"]
[BlackElo "2451"]

1.d4 d5 2.c4 c6 3.Nf3 Nf6 4.Qb3 dxc4 5.Qxc4 Qd5 6.Qa4 Nbd7 7.Nc3 Qh5 8.e4 e5
9.Be2 exd4 10.Nxd4 Qe5 11.f4 Qc5 12.Be3 Nb6 13.Qc2 Nc4 14.Bf2 Qb4 15.O-O Ng4
16.a3 Qxb2 17.Bxc4 Qxc2 18.Nxc2 Nxf2 19.Kxf2 Bc5+ 20.Kf3 O-O 21.e5 b5 22.Bb3 a5
23.Ne4 Bb6 24.Ne3 a4 25.Ba2 Bd4 26.Rab1 Be6 27.Bxe6 fxe6 28.Ke2 Rab8 29.g3 c5
30.Nc2 Rfd8 31.Rfd1 Rd5 32.Nxd4 cxd4 33.Nd6 g5 34.Rb4 gxf4 35.gxf4 Rf8 36.Rdxd4 Rc5
37.Rxb5 Rc2+ 38.Ke3 Rxh2 39.Rxa4 Rh3+ 40.Ke4 Rh4 41.Kf3 h5 42.Rb2 Rh3+ 43.Ke4 Rh4
44.Rg2+ Kh7 45.Ra7+ Kh6 46.Nf7+ Rxf7 47.Rxf7  1-0

[Event "19th Czech Chladek & Tintera A Open"]
[Site "Pardubice CZE"]
[Date "2008.07.18"]
[Round "1"]
[White "Epishin,V"]
[Black "Gatterer,F"]
[Result "1-0"]
[WhiteElo "2574"]
[BlackElo "2302"]

1.d4 d5 2.c4 c6 3.Nf3 Nf6 4.Qb3 dxc4 5.Qxc4 Bf5 6.g3 e6 7.Bg2 Nbd7 8.O-O Be7
9.Rd1 O-O 10.Bd2 Ne4 11.Be1 h6 12.b4 Nb6 13.Qc1 Rc8 14.a3 Qc7 15.Nbd2 Nxd2
16.Nxd2 Rfd8 17.Nb3 Bg6 18.Ra2 Nd5 19.e4 Nf6 20.f3 Qb8 21.Bf2 Kh8 22.Rad2 Kg8
23.Qb2 Kh8 24.Be3 Kg8 25.Nc5 Nd7 26.Nd3 Kh8 27.Qb3 Qa8 28.Bh3 a5 29.Qc3 axb4
30.axb4 Qb8 31.Qb3 Bh7 32.Qc3 Bg8 33.Bg2 Bh7 34.Bf1 Bg8 35.Qb2 Bh7 36.Rc1 Bg8
37.Rdc2 Bh7 38.b5 cxb5 39.Qxb5 Rxc2 40.Rxc2 Bg8 41.Rb2 b6 42.Nb4 Bxb4 43.Qxb4 Qc7
44.Rb1 Rc8 45.Rc1 Qb7 46.Rxc8 Qxc8 47.Qd6 Qc3 48.Bf2 Nf6 49.Kg2 Qb2 50.Qe5 Nd7
51.Qb5 Qxb5 52.Bxb5 Nf6 53.g4 g5 54.d5 exd5 55.Bd4 Kg7 56.exd5 Bh7 57.d6  1-0

[Event "19th Czech Chladek & Tintera A Open"]
[Site "Pardubice CZE"]
[Date "2008.07.19"]
[Round "2"]
[White "Ibrayev,N"]
[Black "Jasny,S"]
[Result "1/2-1/2"]
[WhiteElo "2518"]
[BlackElo "2359"]

1.d4 d5 2.c4 c6 3.Nf3 Nf6 4.Qc2 e6 5.g3 Nbd7 6.Bg2 Bd6 7.Nbd2 O-O 8.O-O e5
9.cxd5 cxd5 10.dxe5 Nxe5 11.Nxe5 Bxe5 12.Nf3 Bc7 13.Be3 Bb6 14.Bd4 Bg4 15.Rfd1 Re8
16.h3 Bxf3 17.Bxf3 Bxd4 18.Rxd4 Qb6 19.Rad1 Rac8 20.Qb3 Qxb3 21.axb3 g6 22.e3 Re6
23.Bxd5 Nxd5 24.Rxd5 Rc2 25.R5d2 Rc5 26.Rd7 Rc2 27.R1d2 Rxd2 28.Rxd2 Rb6
29.Rd3 Rc6 30.Rc3 Rd6 31.b4 Rd2 32.b3 Rb2 33.h4 h5 34.Kg2 Kg7 35.Kf3 Rd2
36.Rc7 Rd3 37.Rxb7 Rxb3 38.b5 Kf6 39.Kf4 Rb2 40.f3 Ke6 41.e4 Rb3 42.g4 hxg4
43.fxg4 Rb4 44.h5 gxh5 45.gxh5 Kf6 46.Ke3 Kg5 47.Rxa7 f5 48.exf5 Rxb5 49.Ke4 Rb4+
50.Ke5 Rb5+ 51.Ke6 Rb6+ 52.Kf7 Kxf5 53.Kg7 Kg5 54.Ra5+ Kg4 55.h6  1/2-1/2

[Event "Aegean Open"]
[Site "Aghios Kirykos GRE"]
[Date "2008.07.20"]
[Round "9"]
[White "Markus,Rob"]
[Black "Lubczynski,R"]
[Result "1-0"]
[WhiteElo "2572"]
[BlackElo "2414"]

1.d4 d5 2.c4 c6 3.Nf3 Nf6 4.Qb3 dxc4 5.Qxc4 b5 6.Qc2 Bb7 7.e4 e6 8.Bd3 h6
9.Nc3 a6 10.O-O Nbd7 11.e5 Nd5 12.Nxd5 cxd5 13.Be3 Be7 14.Qe2 O-O 15.Nd2 f5
16.f4 Nb6 17.b3 g6 18.h3 Rc8 19.Kh2 Kh7 20.Rg1 Rc3 21.Nf3 Qe8 22.Bd2 Rc6
23.g4 Qf7 24.Rg3 Rg8 25.Rag1 Rcc8 26.h4 Rg7 27.h5 Rcg8 28.hxg6+ Rxg6 29.gxf5 exf5
30.Ba5 Rxg3 31.Rxg3 Rxg3 32.Kxg3 Bc8 33.Qc2 Nc4 34.bxc4 dxc4 35.Bf1 Bb7 36.Qh2 Qg8+
37.Kf2 c3 38.Bxc3 Qxa2+ 39.Ke3 Qb3 40.Qb2 Qd5 41.Bg2 Qe4+ 42.Kf2 Qxf4 43.Bd2 Qg4
44.Qb3 Bh4+ 45.Kf1 Bxf3 46.Bxf3 Qh3+ 47.Ke2 Kg7 48.Qe6 Qh2+ 49.Kd3 f4 50.Qg4+ Bg5
51.Qd7+ Kg6 52.e6  1-0

[Event "XIII Open"]
[Site "Balaguer ESP"]
[Date "2008.07.20"]
[Round "7"]
[White "Levin,F"]
[Black "Vilela de Acuna,J"]
[Result "1/2-1/2"]
[WhiteElo "2564"]
[BlackElo "2347"]

1.d4 d5 2.c4 c6 3.Nf3 Nf6 4.Qc2 g6 5.Bf4 Bf5 6.Qb3 Qb6 7.e3 Na6 8.Be2 dxc4
9.Bxc4 Qxb3 10.axb3 Nb4 11.O-O Bg7 12.Nc3 O-O 13.h3 Bc2 14.Ne1 b5 15.Na2 bxc4
16.Nxb4 Bxb3 17.Nxc6 Nd5 18.Bg3 Rfc8 19.Na5 e5 20.Nf3 exd4 21.Nxd4 Bxd4 22.exd4 Bc2
23.Nb7 Bd3 24.Rfc1 Re8 25.Nd6 Re2 26.Nxc4 Bxc4 27.Rxc4 Rxb2 28.Ra5 Rd8 29.Rxa7 Rd2
30.Be5 f6 31.Bd6 Rd1+ 32.Kh2 Re1 33.Rc5 Re6 34.Bg3 Ne7 35.Rc4 Nd5 36.Rb7 Re7
37.Rxe7 Nxe7 38.Bf4 Nd5 39.Bc1 Kf7 40.g4 Ke6 41.Kg3 Rd7 42.Kf3 Rc7 43.Rc5 Rxc5
44.dxc5 Nc3 45.Bb2 Na4 46.Bd4 Kd5 47.Bxf6 Nxc5 48.Ke3 Ke6 49.Bd4 Nb7 50.Kf4 Nd6
51.h4 Nf7  1/2-1/2

[Event "Politiken Cup"]
[Site "Helsingor DEN"]
[Date "2008.07.20"]
[Round "3"]
[White "Gardarsson,Ho"]
[Black "Andersson,C"]
[Result "1-0"]
[WhiteElo "1943"]
[BlackElo "2144"]

1.d4 d5 2.Nf3 c6 3.c4 dxc4 4.a4 Nf6 5.Nc3 Bf5 6.e3 g6 7.Bxc4 Qc7 8.Ne5 e6
9.Qe2 Ne4 10.O-O Bd6 11.f4 h5 12.Nxe4 Bxe4 13.Bd3 Bxd3 14.Qxd3 Nd7 15.Bd2 Bxe5
16.fxe5 O-O 17.Rf3 Rad8 18.Qe2 f6 19.Qc4 Nxe5 20.dxe5 Rxd2 21.Qxe6+ Qf7 22.Qxf6 Qxf6
23.exf6 Rxb2 24.Rd1 Rb4 25.Rd7 Rf7 26.Rd8+ Kh7 27.Re8 Rxa4 28.e4 g5 29.e5 Rf4
30.Rd3 Kg6 31.Rdd8 b5 32.Re7 a5 33.Rg8+ Kf5 34.Rxf7 Kxe5 35.Re8+ Kd6 36.Rff8 a4
37.Ra8 Kc5 38.f7 Kb4 39.Ra7 c5 40.Rfa8 c4 41.f8=Q+ Rxf8 42.Rxf8 c3 43.Kf2 Kb3
44.Rb8 Kc4 45.Rab7 a3 46.Rxb5 c2 47.R5b7 a2 48.Ra8  1-0

[Event "19th Czech Chladek & Tintera A Open"]
[Site "Pardubice CZE"]
[Date "2008.07.20"]
[Round "3"]
[White "Jirka,J"]
[Black "Gatterer,F"]
[Result "1-0"]
[WhiteElo "2457"]
[BlackElo "2302"]

1.d4 d5 2.Nf3 Nf6 3.c4 c6 4.g3 Bf5 5.Nc3 e6 6.Nh4 Bg4 7.Qb3 Qb6 8.f3 Bh5
9.c5 Qc7 10.Bf4 Qc8 11.g4 Bg6 12.e4 Be7 13.Nxg6 hxg6 14.O-O-O dxe4 15.Nxe4 Nxe4
16.fxe4 Nd7 17.Bg3 Bh4 18.Bd6 Be7 19.Kb1 Bxd6 20.cxd6 Rb8 21.h4 Qd8 22.Bc4 Nf8
23.Qg3 Nd7 24.g5 Qa5 25.h5 Qb4 26.Bb3 Rxh5 27.Rxh5 gxh5 28.g6 h4 29.gxf7+ Kf8
30.Qf4 Qa5 31.Bxe6 Qd8 32.e5 Nb6 33.Rh1 g5 34.Qf5 Kg7 35.f8=Q+  1-0

[Event "Politiken Cup"]
[Site "Helsingor DEN"]
[Date "2008.07.21"]
[Round "4"]
[White "Kristiansen,Jen"]
[Black "Golod,V"]
[Result "0-1"]
[WhiteElo "2441"]
[BlackElo "2578"]

1.d4 d5 2.c4 dxc4 3.Nf3 c6 4.Nc3 Nf6 5.e4 Bg4 6.Bxc4 e6 7.Be3 Nbd7 8.O-O Be7
9.Bd3 O-O 10.h3 Bh5 11.e5 Nd5 12.Nxd5 cxd5 13.g4 Bg6 14.Bxg6 hxg6 15.Qd3 Rc8
16.h4 Qc7 17.Rac1 Qb6 18.Bg5 Bxg5 19.Nxg5 Qa6 20.Qh3 f6 21.h5 gxh5 22.exf6 Nxf6
23.gxh5 Qe2 24.Qxe6+ Qxe6 25.Nxe6 Rfe8 26.Nc7 Red8 27.Rfe1 Nxh5 28.Ne6 Re8
29.Ng5 Rxe1+ 30.Rxe1 Kf8 31.Re5 Nf6 32.Ne6+ Kf7 33.Nf4 Rc2 34.Re2 Rc4 35.Rd2 Ne4
36.Rd3 Nf6 37.Rd2 Ne4 38.Rd3 Rc1+ 39.Kg2 Rc2 40.Rf3 Nf6 41.Nxd5 Rxb2 42.Nxf6 gxf6
43.Rc3 Ke6 44.Rc7 Kd5 45.Rd7+ Kc6 46.Rf7 Rxa2 47.Rxf6+ Kd5 48.Rf7 Rb2 49.Rd7+ Kc6
50.Rd8 a5 51.Ra8 b6 52.Kf3 Kb7 53.Rh8 a4 54.Rh7+ Ka6 55.Rh8 b5 56.Ra8+ Kb7
57.Ra5 Kb6 58.Ra8 Kb7 59.Ra5 Kc6 60.Ke4 Rxf2 61.Ra6+ Kb7 62.Ra5 Kb6 63.Ra8 Rf7
64.Kd3 Ra7 65.Rh8 Ka5 66.Kc3 Rc7+ 67.Kb2 Kb4 68.Rh3 Rg7 69.d5 Rg2+ 70.Kc1 a3
71.Rh4+ Kb3 72.Rh3+ Ka4 73.Kb1 b4 74.Rd3 Rg1+  0-1

[Event "19th Czech Chladek & Tintera A Open"]
[Site "Pardubice CZE"]
[Date "2008.07.21"]
[Round "4"]
[White "Ibrayev,N"]
[Black "Van Kampen,R"]
[Result "1/2-1/2"]
[WhiteElo "2518"]
[BlackElo "2294"]

1.d4 d5 2.c4 c6 3.Nf3 Nf6 4.Qc2 g6 5.Bf4 Bg7 6.e3 O-O 7.Nc3 Na6 8.Qb3 Qa5
9.Be2 dxc4 10.Bxc4 b5 11.Be2 Be6 12.Qa3 Qxa3 13.bxa3 Nd5 14.Nxd5 Bxd5 15.O-O Nb8
16.Rfc1 Nd7 17.Rc2 Rfe8 18.Rac1 e5 19.dxe5 Nxe5 20.Nxe5 Bxe5 21.Bxe5 Rxe5
22.Bf3 Re6 23.Rc5 Bxf3 24.gxf3 Rd8 25.Rxc6 Rxc6 26.Rxc6 Rd2 27.Ra6 Rxa2 28.Rxa7 b4
29.a4 b3 30.Kg2 b2 31.Rb7 Rxa4 32.Rxb2 Kg7 33.Kg3 Kg8 34.e4 Kg7 35.Re2 Rb4
36.f4 Ra4 37.f3 Rb4 38.Rd2 Rb1 39.Rd5 Rg1+ 40.Kf2 Ra1 41.f5 Ra2+ 42.Kg3 Rb2
43.h4 Rb1 44.Kf4 Rh1 45.Kg3 Rg1+ 46.Kh2 Ra1 47.h5 gxf5 48.Rxf5 h6 49.Kg3 Rg1+
50.Kf4 Ra1 51.Rb5 Ra6 52.Kg4 Ra1 53.Rd5 Ra2 54.f4 Rg2+ 55.Kf3 Rg1 56.Rd2 Rh1
57.Kg4 Kf6 58.e5+ Kg7 59.Rd7 Re1 60.Kf5 Re2 61.Rd3 Rf2 62.Rg3+ Kf8 63.Rg1 Rf3
64.Ra1 Rf2 65.Ra4 Kg7 66.Ra7 Kf8 67.Ra6 Kg7 68.e6 fxe6+ 69.Rxe6 Rh2 70.Re7+ Kf8
71.Kf6 Rf2 72.Re4 Ra2 73.f5 Rg2 74.Ra4 Kg8 75.Ra8+ Kh7 76.Kf7 Rb2 77.Ra7 Rb6
78.f6 Rc6 79.Ke7 Rc1 80.Rd7 Re1+ 81.Kf8+ Kh8 82.Re7 Rf1 83.Kf7 Kh7 84.Ke6+ Kg8
85.Re8+ Kh7 86.Re7+ Kg8 87.Rg7+ Kf8 88.Rg4 Re1+ 89.Kf5 Kf7 90.Rg7+ Kf8 91.Rb7 Rg1
92.Rh7 Rg2 93.Rxh6 Rf2+ 94.Kg6 Rg2+ 95.Kh7 Kf7 96.Rg6 Rf2 97.h6 Rh2 98.Rg1 Kxf6
99.Rf1+ Ke7 100.Kg7 Rg2+ 101.Kh8 Rh2 102.h7 Rg2 103.Ra1 Kf7 104.Rf1+  1/2-1/2

[Event "1st Open"]
[Site "Paleochora GRE"]
[Date "2008.07.22"]
[Round "2"]
[White "Milanovic,Da"]
[Black "Matsenko,V"]
[Result "1-0"]
[WhiteElo "2529"]
[BlackElo "2153"]

1.d4 d5 2.c4 c6 3.Nf3 Nf6 4.Qc2 g6 5.Bf4 Bf5 6.Qb3 Qb6 7.c5 Qxb3 8.axb3 Bg7
9.Nc3 O-O 10.e3 Nbd7 11.h3 Ne4 12.b4 Rfe8 13.g4 Nxc3 14.gxf5 Ne4 15.Ne5 Nef6
16.b5 Nxe5 17.Bxe5 Nd7 18.Bh2 Nb8 19.b6 a6 20.Bd3 Nd7 21.Rg1 e5 22.fxe6 Rxe6
23.Kd2 f5 24.Bf4 Re7 25.b4 Rae8 26.Bxa6 bxa6 27.Rxa6 Bxd4 28.exd4 Re2+ 29.Kd1 Rxf2
30.Re1 Rxe1+ 31.Kxe1 Rxf4 32.Ra7 Re4+ 33.Kf1 Nb8 34.b5 Re8 35.Ra8 Kf8 36.Rxb8 Rxb8
37.bxc6 Ke7 38.c7 Rc8 39.b7 Kd7 40.b8=Q  1-0

[Event "Politiken Cup"]
[Site "Helsingor DEN"]
[Date "2008.07.23"]
[Round "6"]
[White "Krasenkova,I"]
[Black "Gardarsson,Ho"]
[Result "1-0"]
[WhiteElo "2171"]
[BlackElo "1943"]

1.d4 d5 2.c4 c6 3.Nf3 Nf6 4.Qc2 g6 5.g3 Bg7 6.Bg2 O-O 7.O-O Na6 8.a3 Nc7
9.Rd1 Bf5 10.Qb3 b6 11.Ne5 Qd6 12.Bf4 Qe6 13.Nc3 Rac8 14.Qa4 Nh5 15.Nxc6 Nxf4
16.gxf4 dxc4 17.d5 Qf6 18.Qxc4 Ne8 19.e4 Bd7 20.e5 Qh4 21.Qe4 Bf5 22.Qe3 Kh8
23.Qg3 Qg4 24.h3 Qh5 25.Nxe7 Rc4 26.Bf1 Rxf4 27.Qxf4 Bh6 28.Qg3 Bg5 29.d6 Ng7
30.Ncd5 Qh6 31.Rd4 Nh5 32.Qf3 f6 33.Nxf5 gxf5 34.e6 f4 35.e7 Rg8 36.d7 f5
37.e8=Q Bd8+ 38.Kh2 Qg7 39.Qxg8+ Kxg8 40.Rad1 Ng3  1-0

[Event "83rd ch-ARG s/f"]
[Site "Buenos Aires ARG"]
[Date "2008.07.24"]
[Round "4"]
[White "Perelman,H"]
[Black "Calderon Fernandez,G"]
[Result "1/2-1/2"]
[WhiteElo "2360"]
[BlackElo "2303"]

1.d4 d5 2.Nf3 Nf6 3.c4 c6 4.Qc2 dxc4 5.Qxc4 Bf5 6.g3 Nbd7 7.Nc3 e6 8.Bg2 Be7
9.O-O O-O 10.Re1 Bg6 11.e4 Rc8 12.Qb3 Qb6 13.h3 Qxb3 14.axb3 a6 15.Nh4 Ne8
16.f4 Bxh4 17.gxh4 f6 18.Be3 Nd6 19.Rad1 f5 20.d5 exd5 21.Nxd5 cxd5 22.Rxd5 fxe4
23.Rxd6 Nf6 24.Bd4 Rfd8 25.Rxd8+ Rxd8 26.Be5 b5 27.Ra1 e3 28.Re1 Rd3 29.Bc3 Bh5
30.Bf1 e2 31.Bxe2 Bxe2 32.Rxe2 Nd5 33.Be5 Kf7 34.Kh2 g6 35.h5 Rf3 36.hxg6+ hxg6
37.Re4 Rxb3 38.Re2 Rb4 39.Kg3 a5 40.Rc2 Rc4 41.Re2 a4 42.Kg4 b4 43.Kg5 b3
44.Rd2 Ke6 45.h4 Rc2 46.Rd4 Rxb2 47.Rxa4 Rg2+ 48.Kh6 b2 49.Bxb2 Rxb2 50.Kxg6 Ne7+
51.Kh5 Rg2 52.Re4+ Kf6 53.Ra4 Ng8 54.Ra5 Kg7 55.Ra7+ Kh8 56.Rf7 Rg3 57.f5 Rg1
58.f6 Rg2 59.Rf8 Kh7 60.Rf7+ Kh8 61.Rf8  1/2-1/2

[Event "19th Czech Chladek & Tintera A Open"]
[Site "Pardubice CZE"]
[Date "2008.07.24"]
[Round "7"]
[White "Arutinian,D"]
[Black "Blomqvist,E"]
[Result "1-0"]
[WhiteElo "2586"]
[BlackElo "2322"]

1.d4 d5 2.c4 c6 3.Nf3 Nf6 4.Qc2 dxc4 5.Qxc4 Bf5 6.g3 e6 7.Bg2 Nbd7 8.Nc3 Be7
9.Qb3 Qb6 10.Nd2 Bg6 11.Nc4 Qa6 12.O-O O-O 13.e4 b5 14.Ne5 Nxe5 15.dxe5 Nd7
16.f4 Nc5 17.Qc2 b4 18.Nd1 Bh5 19.Be3 b3 20.Qc3 Na4 21.Qc1 Bxd1 22.Rxd1 Qb7
23.f5 bxa2 24.fxe6 Qb3 25.exf7+ Rxf7 26.e6 Qxe6 27.Qc2 Nb6 28.Bf1 Nd5 29.Qc4 Kh8
30.Re1 Raf8 31.Bd3 Rf3 32.exd5 cxd5 33.Qd4 Bf6 34.Qc5 Be7 35.Qxa7 Qg4 36.Bf1 Bb4
37.Red1 Rxg3+ 38.hxg3 Qxg3+ 39.Bg2 Bd6 40.Bf2 Qh2+ 41.Kf1 Bg3 42.Rd2  1-0

[Event "Politiken Cup"]
[Site "Helsingor DEN"]
[Date "2008.07.25"]
[Round "8"]
[White "Krasenkova,I"]
[Black "Benediktsson,F"]
[Result "1/2-1/2"]
[WhiteElo "2171"]
[BlackElo "1915"]

1.d4 d5 2.c4 c6 3.Nf3 Nf6 4.Qc2 g6 5.g3 Bg7 6.Bg2 O-O 7.O-O Na6 8.a3 Bf5
9.Qb3 Qb6 10.Qxb6 axb6 11.cxd5 Nxd5 12.Nbd2 Be6 13.Ne4 h6 14.Bd2 Rfd8 15.Rac1 Bf5
16.Nc3 Nxc3 17.Bxc3 Be4 18.Rfd1 Bxf3 19.Bxf3 Rd7 20.Rd3 e6 21.Kg2 Rad8 22.Rcd1 Nc7
23.a4 Ra8 24.b3 Bf8 25.e4 Rad8 26.Kf1 Bg7 27.Ke2 Bf8 28.Bg2 b5 29.f4 bxa4
30.bxa4 b5 31.d5 exd5 32.axb5 Nxb5 33.Bf6 Be7 34.Bxe7 Rxe7 35.Kf2 Rde8 36.exd5 cxd5
37.Bxd5 Nc7 38.Bf3 Ne6 39.Rd5 Nf8 40.h4 Kg7 41.h5 Rc8 42.R1d2 Rcc7 43.Re2 Rxe2+
44.Bxe2 Nd7 45.hxg6 fxg6 46.Rd6 Nf6 47.Ke3 Re7+ 48.Kf3 h5 49.Rc6 Nd7 50.Bc4 Nf6
51.Be6 Nh7 52.Kg2 Nf6 53.Kh3 Ra7 54.Bb3 Re7 55.Rc3 Ra7 56.Rc5 Nh7 57.Kh4 Rb7
58.Bd5 Rd7 59.Bf3 Nf6 60.Rc6  1/2-1/2

[Event "19th Czech Chladek & Tintera A Open"]
[Site "Pardubice CZE"]
[Date "2008.07.25"]
[Round "8"]
[White "Biriukov,O"]
[Black "Bures,J"]
[Result "1/2-1/2"]
[WhiteElo "2391"]
[BlackElo "2243"]

1.d4 d5 2.c4 c6 3.Nf3 Nf6 4.Qc2 g6 5.Bf4 Bg7 6.e3 O-O 7.Nc3 a6 8.h3 b5 9.cxd5 cxd5
10.a4 b4 11.Na2 Bf5 12.Bd3 Bxd3 13.Qxd3 Qb6 14.Nc1 Nc6 15.Nb3 Nd7 16.O-O e5
17.dxe5 Ndxe5 18.Nxe5 Nxe5 19.Qe2 Nc4 20.Rab1 Qc6 21.Nd4 Bxd4 22.exd4 Qf6
23.Be5 Qe6 24.b3 Nxe5 25.dxe5 Rac8 26.Rfd1 Rfe8 27.Rd4 Qxe5 28.Qxe5 Rxe5
29.Rxb4 Rc2 30.Rd1 Rb2 31.Rbd4 Rxb3 32.Rxd5 Rxd5 33.Rxd5 Rb4 34.Ra5 Rb6 35.g4 Kg7
36.Kg2 h6 37.h4 Rc6 38.Kg3 Rb6 39.f3 Kf6 40.Rc5 Kg7 41.Ra5 Kf6 42.Rc5 Kg7
43.g5 hxg5 44.hxg5 Rb4 45.Ra5 Rb6 46.Kf4 Kf8 47.Ke5 Ke7 48.Kd5 Kd7 49.Kc4 f6
50.Rd5+ Kc7 51.f4 fxg5 52.fxg5 Rb1 53.Kd4 Rg1 54.Rc5+ Kd6 55.Ra5 Kc7  1/2-1/2

[Event "83rd ch-ARG s/f"]
[Site "Buenos Aires ARG"]
[Date "2008.07.26"]
[Round "7"]
[White "Mahia,G"]
[Black "Spata,G"]
[Result "1/2-1/2"]
[WhiteElo "2441"]
[BlackElo "2250"]

1.d4 d5 2.c4 c6 3.Nf3 Nf6 4.Qc2 e6 5.g3 Nbd7 6.Bg2 Bd6 7.O-O O-O 8.Nbd2 b6
9.e4 Nxe4 10.Nxe4 dxe4 11.Qxe4 Bb7 12.Be3 Nf6 13.Qc2 c5 14.dxc5 Bxc5 15.Bxc5 bxc5
16.Rfd1 Qb6 17.Ne5 Bxg2 18.Kxg2 a5 19.Rd2 Qc7 20.Re1 Rfd8 21.Re3 Rxd2 22.Qxd2 h6
23.Qe2 Rb8 24.Kg1 a4 25.Rd3 Rd8 26.f4 Rb8 27.Qd1 g6 28.Rd2 Ra8 29.Rd6 Rb8
30.Rd2 Ra8 31.Qf3 Rd8 32.Rxd8+ Qxd8 33.Qd3 Qxd3 34.Nxd3 Nd7 35.Kf2 f5 36.Ke3 Kf7
37.Kd2 Ke7 38.Kc3 Kd6 39.b4 axb3 40.axb3 e5 41.fxe5+ Nxe5 42.Nxe5 Kxe5 43.b4 cxb4+
44.Kxb4 g5 45.c5 Kd5 46.h3 f4 47.gxf4 gxf4 48.c6  1/2-1/2

[Event "Politiken Cup"]
[Site "Helsingor DEN"]
[Date "2008.07.26"]
[Round "9"]
[White "Tsiolakidis,A"]
[Black "Schandorff,L"]
[Result "0-1"]
[WhiteElo "2365"]
[BlackElo "2537"]

1.d4 d5 2.Nf3 Nf6 3.c4 c6 4.Qc2 dxc4 5.Qxc4 Bg4 6.Nc3 Nbd7 7.Ng5 Bh5 8.e4 e5
9.Be2 Bg6 10.dxe5 Nxe5 11.Qb3 Nfd7 12.O-O Be7 13.Nh3 f6 14.Rd1 Qc7 15.Nf4 Nc5
16.Qc2 Bf7 17.b4 g5 18.Nfd5 cxd5 19.Nb5 Qc8 20.bxc5 a6 21.exd5 axb5 22.d6 Bd8
23.d7+ Nxd7 24.Bxb5 Be6 25.Rd6 Kf7 26.Bxg5 Nxc5 27.Qe2 fxg5 28.Rc1 Kg7 29.Rxc5 Qxc5
30.Qxe6 Re8 31.Rd7+ Re7  0-1

[Event "III Open"]
[Site "Oviedo ESP"]
[Date "2008.07.26"]
[Round "4"]
[White "Lopez Colon,F"]
[Black "Reno Vazquez,J"]
[Result "1-0"]
[WhiteElo "2230"]
[BlackElo "1651"]

1.d4 d5 2.Nf3 Nf6 3.c4 c6 4.Qc2 g6 5.Bg5 Bg7 6.Nbd2 Qa5 7.cxd5 Qxd5 8.e4 Qa5
9.Bc4 Ng4 10.h3 Bf6 11.Bf4 e5 12.Bg3 exd4 13.hxg4 Bxg4 14.Bd6 Bxf3 15.gxf3 Be5
16.b4  1-0

[Event "Politiken Cup"]
[Site "Helsingor DEN"]
[Date "2008.07.27"]
[Round "10"]
[White "Berkemer,R"]
[Black "Jessen,E"]
[Result "1/2-1/2"]
[WhiteElo "1975"]
[BlackElo "1810"]

1.d4 d5 2.Nf3 Nf6 3.c4 c6 4.g3 g6 5.Bg2 Bg7 6.Nbd2 O-O 7.b3 Bf5 8.Bb2 Be4
9.O-O e6 10.Nxe4 Nxe4 11.Qd3 Nd6 12.Rac1 Re8 13.c5 Nb5 14.a4 Nc7 15.Bc3 Nd7
16.Ba5 Rc8 17.Bh3 Qe7 18.Rfe1 Nf6 19.Ne5 Nd7  1/2-1/2

[Event "XXVI Andorra Open"]
[Site "La Massana AND"]
[Date "2008.07.27"]
[Round "9"]
[White "Bae,T"]
[Black "Raznikov,D"]
[Result "1/2-1/2"]
[WhiteElo "2402"]
[BlackElo "2153"]

1.d4 d5 2.c4 c6 3.Nf3 Nf6 4.Qc2 g6 5.e3 Bg7 6.Nc3 O-O 7.Bd2 Bf5 8.Bd3 Bxd3
9.Qxd3 a6 10.O-O Nbd7 11.cxd5 cxd5 12.Rfc1 Rc8 13.Na4 Ne4 14.Bb4 b5 15.Nc3 Ndf6
16.Nd1 Rc4 17.Qa3 Qb6 18.b3 Rxc1 19.Rxc1 Nd6 20.Bc5 Qb7 21.Bxd6 exd6 22.Qxd6 Rc8
23.Qa3 Ne4 24.Qb2 b4 25.Ne5 Bxe5 26.dxe5 Rxc1 27.Qxc1 Qb5 28.Qc2 Nc3 29.h3 Qa5
30.a4 Qc7 31.f4 Qc5 32.Kh2 d4 33.Qd2 d3 34.Nf2 Qd5 35.Qxd3 Qxb3 36.Ng4 Qd1
37.Nf6+ Kg7 38.Qxd1 Nxd1 39.Ne4 b3 40.Nd2 b2 41.Nb1 Nxe3 42.Kg3 Nc4 43.Kf3 a5
44.Ke4 Nb6 45.Kd3 Nxa4 46.Kc2 f6 47.Nd2 fxe5 48.fxe5 Kf7 49.Kb3 Ke6 50.Kxa4 Kxe5
51.Nc4+ Kf4 52.Nxb2 Kg3 53.Kxa5 Kxg2 54.h4 Kh3 55.Kb4 Kxh4 56.Kc3 Kg3 57.Kd2 h5
58.Ke2 g5 59.Kf1 Kh2 60.Nd1 g4 61.Ne3 Kg3 62.Kg1 Kf4 63.Ng2+ Kf3 64.Nh4+ Kg3
65.Ng2 h4 66.Nxh4  1/2-1/2

[Event "Dutch Open"]
[Site "Dieren NED"]
[Date "2008.07.28"]
[Round "6"]
[White "Struik,T"]
[Black "Diepeveen,V"]
[Result "0-1"]
[WhiteElo "2203"]
[BlackElo "2262"]

1.d4 d5 2.c4 c6 3.Nf3 Nf6 4.Qc2 dxc4 5.Qxc4 Bf5 6.Nc3 e6 7.g3 Nbd7 8.Bg2 Be7
9.O-O O-O 10.Re1 Ne4 11.Qb3 Qb6 12.Qxb6 axb6 13.Nh4 Bb4 14.Bxe4 Bxc3 15.bxc3 Bxe4
16.f3 Bd5 17.a3 Ra4 18.e4 Bc4 19.Bb2 Ra5 20.Rad1 Rb5 21.Rd2 Rb3 22.Ng2 b5
23.Ne3 Nb6 24.Rc1 Rd8 25.Kf2 Kf8 26.Rb1 Na4 27.Nd1 Ke7 28.Ke3 Ra8 29.h4 Nxb2
30.Rdxb2 Raxa3 31.Kd2 b4 32.Rc1 Rxb2+ 33.Nxb2 bxc3+ 34.Rxc3 Rxc3 35.Kxc3 Bb5
36.e5 Kd7 37.Kb4 Kc7 38.f4 Be2 39.Na4 b6 40.Nc3 Bf3 41.Nb1 Kd7 42.Nd2 Bd5
43.Nf1 Ke7 44.Ne3 f6 45.Ng4 Kf7 46.Ne3 h6 47.g4 fxe5 48.fxe5 Ke7 49.Nd1 Bf3
50.Ne3 Kd7 51.Nc4 b5 52.Ne3 g5 53.hxg5 hxg5 54.Kc5 Kc7 55.Nf1 Bxg4 56.Ng3 Bf3
57.Nf1 g4 58.Ng3 Kd7  0-1

[Event "13th Open"]
[Site "Creon FRA"]
[Date "2008.07.30"]
[Round "4"]
[White "Drenchev,P"]
[Black "Ludwig,Re"]
[Result "1-0"]
[WhiteElo "2450"]
[BlackElo "2175"]

1.d4 d5 2.Nf3 Nf6 3.c4 c6 4.Qb3 dxc4 5.Qxc4 Bf5 6.g3 Nbd7 7.Bg2 e6 8.O-O h6
9.Nc3 Be7 10.Re1 Ne4 11.Qb3 Nb6 12.a4 a5 13.Nh4 Bxh4 14.gxh4 Nd6 15.e4 Bg6
16.Bf4 Ndc4 17.Rad1 Bh5 18.f3 Qe7 19.Na2 e5 20.Bg3 f6 21.d5 Qc7 22.Bf2 cxd5
23.exd5 Nc8 24.Qc2  1-0

[Event "12th HZ Open"]
[Site "Vlissingen NED"]
[Date "2008.08.03"]
[Round "3"]
[White "Hamblok,R"]
[Black "Oberbichler,R"]
[Result "1/2-1/2"]
[WhiteElo "2131"]
[BlackElo "1938"]

1.d4 d5 2.c4 c6 3.Nf3 Nf6 4.g3 e6 5.Bg2 Nbd7 6.O-O Be7 7.b3 O-O 8.Nc3 b6
9.Ne5 Nxe5 10.dxe5 Nd7 11.cxd5 cxd5 12.Bb2 Bb7 13.Nb5 Nc5 14.Nd4 Rc8 15.Rc1 Qd7
16.Kh1 Rc7 17.b4 Na6 18.a3 Rfc8 19.Rxc7 Nxc7 20.f4 Nb5 21.f5 Nxd4 22.Qxd4 Rc4
23.Qf2 exf5 24.Bd4 Bf8 25.Bh3 Bc8 26.e3 Qc7  1/2-1/2

[Event "FSGM August"]
[Site "Budapest HUN"]
[Date "2008.08.06"]
[Round "5"]
[White "Nguyen Huynh Minh Huy"]
[Black "Genutis,M"]
[Result "1/2-1/2"]
[WhiteElo "2477"]
[BlackElo "2317"]

1.d4 d5 2.Nf3 c6 3.c4 Nf6 4.Nbd2 Bg4 5.Ne5 Bh5 6.h3 Nfd7 7.Nef3 e6 8.e4 dxe4
9.Nxe4 Bb4+ 10.Bd2 Bxd2+ 11.Qxd2 Nf6  1/2-1/2